书目信息 |
| 题名: |
中共中央关于加强党的执政能力建设的决定
|
|
| 作者: | ||
| 分册: | ||
| 出版信息: | 北京 人民出版社 2004 |
|
| 页数: | 47页 | |
| 开本: | 20cm | |
| 丛书名: | ||
| 单 册: | ||
| 中图分类: | D25 | |
| 科图分类: | ||
| 主题词: | 中国共产党--执政--学习参考资料 | |
| 电子资源: | ||
| ISBN: | 7-01-004546-1 | |
| 000 | 00563nam0 2200181 450 | |
| 001 | 0758934124 | |
| 005 | 20070719085003.12 | |
| 010 | @a7-01-004546-1@dCNY3.20 | |
| 100 | @a20070707d2004 km y0chiy0120 ea | |
| 101 | 0 | @achi |
| 102 | @aCN@b110000 | |
| 200 | 1 | @a中共中央关于加强党的执政能力建设的决定@Azhong gong zhong yang guan yu jia qiang dang de zhi zheng neng li jian she de jue ding |
| 210 | @a北京@c人民出版社@d2004 | |
| 215 | @a47页@d20cm | |
| 606 | 0 | @a中国共产党@x执政@x学习参考资料 |
| 690 | @aD25@v3 | |
| 801 | 0 | @aCN@bPFT@c20070719 |
| 905 | @a10447@dD25@e173 | |
| 中共中央关于加强党的执政能力建设的决定.-北京:人民出版社,2004 |
| 47页;20cm |
| ISBN 7-01-004546-1:CNY3.20 |
| ● |
| 相关链接 |
|
|
|
|
正题名:中共中央关于加强党的执政能力建设的决定
索取号:D25/173
 
预约/预借
| 序号 | 登录号 | 条形码 | 馆藏地/架位号 | 状态 | 备注 |
| 1 | 0765947 | 207659470 | 第一样本阅览室/ [索取号:D25/173] | 在馆 | |
| 2 | 0767244 | 207672446 | 密集书库/ [索取号:D25/173] | 在馆 | |
| 3 | 0770512 | 207705125 | 密集书库/ [索取号:D25/173] | 在馆 |